|
|
|
|
| LEADER |
00000nab a2200000uu 4500 |
| 001 |
vtls011490590 |
| 003 |
SK-MaSNL |
| 005 |
20260303132610.0 |
| 008 |
230218|2003 xo |||||||||||||||||cze| |
| 015 |
|
|
|a SNBRB
|
| 035 |
|
|
|a (urnnbn)urn:nbn:sk:snk:ar-007ktn
|
| 035 |
|
|
|a (uuid)412a3337-0c92-47a4-bea6-26f0d15c6b17
|
| 035 |
|
|
|a urn:nbn:sk:snk-abdfrd
|
| 040 |
|
|
|a SNKBUCL
|b slo
|c SNKBUCL
|e AACR2
|
| 041 |
0 |
|
|a cze
|
| 044 |
|
|
|a xo
|c SK
|
| 100 |
1 |
|
|a Stránský, J.
|4 aut
|9 902576
|
| 245 |
1 |
0 |
|a Diskusní příspěvek k práci Urbánek P., et al.: Existuje vztah mezi efektem monoterapie interferonem alfa a efektem dvojkombinační terapie chronické virové hepatitidy C?
|c J. Stránský
|
| 773 |
0 |
|
|t Česká a slovenská gastroenterologie a hepatologie : časopis České gastroenterologické a Hepatologické společnosti a Slovenskej gastroenterologickej a Slovenskej hepatologickej spoločnosti
|g Roč. 57, č. 2 (2003), s. 77-78
|
| 954 |
|
|
|a odborná, vedecká literatúra cudzojazyčná (svetová)
|2 lita
|
| 958 |
|
|
|a OND
|
| 958 |
|
|
|a EUIPO
|
| 958 |
|
|
|a article18
|
| 999 |
|
|
|c 1952213
|d 1954143
|